000 00817nam a22002057a 4500
005 20240523135822.0
008 240221t ||||| |||| 00| 0 spa d
040 _aCO-BoUCM
_cDavid Moreno
_dDavid Moreno
041 _aspa
100 1 _aGuyenot, Jean-Pierre
_9115765
245 1 _a¿Qué es el franchising?
_bEl contrato de concesión de venta de automotores
_cJean-Pierre Guyenot y Julio Rotman
260 _aBuenos Aires
_bEdiciones Jurídicas Europa-América
_c1977
300 _a236 Paginas
490 _a Breviarios de derecho ; 64
650 1 7 _aCompetencia economica
_xLey y legislación
_xVehiculos de motor
_9179983
650 1 7 _aDerecho
_xFranquicias
_xVehiculos
_9179984
700 1 _aRotman, Julio
_9179985
942 _2DEWEY
_a8
_cLIBRO
_e1
_h343.07
_mG988q
_n0
999 _c323893
_d323893